| 000 | 00437nam a22001697a 4500 | ||
|---|---|---|---|
| 005 | 20250911122245.0 | ||
| 008 | 250910b |||||||| |||| 00| 0 eng d | ||
| 020 | _a978-81-239-0013-1 | ||
| 041 | _aeng | ||
| 082 | _a550 MAH-G | ||
| 100 |
_aMAHAPATRA, G.B. _98688 |
||
| 245 | _aA TEXTBOOK OF GEOLOGY [ RE.ED.2024] | ||
| 260 |
_aNEW DELHI _bC.B.S PUBLISHERS & DISTRIBUTOERS PVT.LTD |
||
| 300 | _a366;P | ||
| 650 | _aMINING | ||
| 942 | _cBK | ||
| 999 |
_c8821 _d8819 |
||